[Event "AE Magdeburg-Delmenhorster SK"]
[Site "Greifswald"]
[Date "2017.09.10"]
[Round "7.1"]
[White "Silber, Kevin"]
[Black "Roseneck, Jonas"]
[Result "1/2-1/2"]
[WhiteElo "1993"]
[BlackElo "2134"]
[PlyCount "61"]
[EventDate "2017.??.??"]
[WhiteTeam "Delmenhorster SK"]
[BlackTeam "AE Magdeburg"]

1. e4 c5 2. Nf3 d6 3. Bb5+ Nc6 4. O-O Bd7 5. Re1 Nf6 6. c4 e5 7. d3 Be7 8. Nc3
O-O 9. Nd5 Nxd5 10. cxd5 Nb8 11. Bxd7 Nxd7 12. Bd2 b5 13. a4 a6 14. b4 cxb4 15.
Bxb4 a5 16. Bd2 b4 17. Rc1 Bf6 18. Be3 Qb8 19. Qb3 Rc8 20. Rc6 Nc5 21. Bxc5
dxc5 22. Rc1 Rxc6 23. dxc6 Qb6 24. Qd5 b3 25. c7 Rc8 26. Rb1 b2 27. Qd7 Qxc7
28. Qxc7 Rxc7 29. Rxb2 Kf8 30. Kf1 Ke7 31. Nd2 1/2-1/2

[Event "AE Magdeburg-Delmenhorster SK"]
[Site "Greifswald"]
[Date "2017.09.10"]
[Round "7.2"]
[White "Wagner, Benjamin"]
[Black "Steffens, Oliver"]
[Result "1-0"]
[WhiteElo "1988"]
[BlackElo "1985"]
[PlyCount "81"]
[EventDate "2017.??.??"]
[WhiteTeam "AE Magdeburg"]
[BlackTeam "Delmenhorster SK"]

1. e4 c5 2. Nf3 Nc6 3. d4 cxd4 4. Nxd4 Nf6 5. Nc3 e5 6. Ndb5 d6 7. Bg5 a6 8.
Na3 b5 9. Bxf6 gxf6 10. Nd5 f5 11. c3 Bg7 12. exf5 Bxf5 13. Nc2 O-O 14. Nce3
Be6 15. Bd3 Ne7 16. Nxe7+ Qxe7 17. Qh5 h6 18. Be4 Ra7 19. O-O Qg5 20. Qxg5 hxg5
21. g4 Rd8 22. Rfd1 Bf8 23. Bd5 Rb8 24. Rd2 b4 25. c4 a5 26. Kg2 Rc8 27. Kf3
Kg7 28. Ke4 Kf6 29. Rg1 Be7 30. Rg3 Bxd5+ 31. Rxd5 Ra6 32. Rh3 Kg6 33. Rb5 Bd8
34. Rb7 Bf6 35. b3 Rh8 36. Rxh8 Bxh8 37. Nf5 Kf6 38. Kd5 Bg7 39. Rd7 Bf8 40.
Nxd6 Be7 41. Ne4+ 1-0

[Event "AE Magdeburg-Delmenhorster SK"]
[Site "Greifswald"]
[Date "2017.09.10"]
[Round "7.3"]
[White "Petri, Ben-Luca"]
[Black "Hoffmann, Lennard"]
[Result "1/2-1/2"]
[WhiteElo "1779"]
[BlackElo "1957"]
[PlyCount "46"]
[EventDate "2017.??.??"]
[WhiteTeam "Delmenhorster SK"]
[BlackTeam "AE Magdeburg"]

1. e4 c5 2. c4 Nc6 3. Ne2 e5 4. g3 g6 5. Bg2 Bg7 6. Nbc3 d6 7. O-O Be6 8. d3
Qd7 9. Bd2 Nge7 10. Nd5 O-O 11. Rb1 Nd4 12. Nxd4 exd4 13. Nxe7+ Qxe7 14. f4 Qd7
15. a4 Rab8 16. b4 b6 17. Ra1 Bh3 18. Re1 Rfe8 19. Qf3 Bxg2 20. Kxg2 a5 21. b5
Re7 22. Re2 Rbe8 23. Rae1 Qb7 1/2-1/2

[Event "AE Magdeburg-Delmenhorster SK"]
[Site "Greifswald"]
[Date "2017.09.10"]
[Round "7.4"]
[White "Delgado, Robin"]
[Black "Sinnhöfer, Jonas"]
[Result "0-1"]
[WhiteElo "1685"]
[BlackElo "1870"]
[PlyCount "96"]
[EventDate "2017.??.??"]
[WhiteTeam "AE Magdeburg"]
[BlackTeam "Delmenhorster SK"]

1. e4 e5 2. Nf3 Nc6 3. Nc3 Nf6 4. d4 exd4 5. Nxd4 Bb4 6. Nxc6 bxc6 7. Bd3 d5 8.
exd5 O-O 9. O-O cxd5 10. Bg5 c6 11. Qf3 Bd6 12. Rfe1 Rb8 13. Na4 h6 14. Bxf6
Qxf6 15. Qxf6 gxf6 16. b3 Bd7 17. c4 Kg7 18. Re2 Rfe8 19. Rae1 Re5 20. c5 Bc7
21. Nb2 Rbe8 22. Ba6 Ba5 23. Rxe5 fxe5 24. Re2 Bc3 25. Nd1 Bb4 26. Ne3 Bxc5 27.
Nc2 f5 28. b4 Bb6 29. a4 Kf6 30. Kf1 e4 31. f3 d4 32. fxe4 fxe4 33. Nxd4 Bxd4
34. Rd2 Ke5 35. h3 Rf8+ 36. Ke2 Rf2+ 37. Kd1 Be6 38. Ke1 Rxd2 39. Kxd2 Bb3 40.
b5 Bxa4 41. bxc6 Bxc6 42. g3 Bf2 43. g4 Kf4 44. Ke2 e3 45. Kf1 Kg3 46. g5 hxg5
47. Bd3 Kxh3 48. Be2 Bg2# 0-1

[Event "Hamburger SK-Doppelbauer Kiel"]
[Site "Greifswald"]
[Date "2017.09.10"]
[Round "7.1"]
[White "Arndt, Magnus"]
[Black "Holinka, Henning"]
[Result "0-1"]
[WhiteElo "2055"]
[BlackElo "2026"]
[PlyCount "94"]
[EventDate "2017.??.??"]
[WhiteTeam "Doppelbauer Kiel"]
[BlackTeam "Hamburger SK"]

1. e4 g6 2. d4 Bg7 3. Nf3 d6 4. Nc3 Nf6 5. Be2 O-O 6. O-O a6 7. a4 b6 8. Re1
Bb7 9. Bf1 e6 10. h3 h6 11. Bf4 Nbd7 12. Qd2 Kh7 13. Rad1 Qe7 14. g4 e5 15. Bg3
exd4 16. Nxd4 Nc5 17. Bg2 Rad8 18. b4 Ne6 19. Nb3 Rfe8 20. a5 b5 21. Nd5 Qf8
22. Qd3 Nd7 23. f4 Qh8 24. Rf1 c6 25. Ne3 c5 26. c4 cxb4 27. cxb5 Nec5 28. Qc4
Bxe4 29. bxa6 Bxg2 30. Nxg2 Nxb3 31. Qxb3 Nc5 32. Qxf7 Rd7 33. Qd5 Ne4 34. Bh4
Nc3 35. Qc6 Bd4+ 36. Kh1 Rde7 37. Bxe7 Nxd1 38. Rxd1 Rxe7 39. Qxd6 Bf6 40. g5
hxg5 41. fxg5 Bxg5 42. Qxb4 Qa8 43. Qb5 Qf3 44. Qd3 Re1+ 45. Kh2 Bf4+ 46. Nxf4
Qxf4+ 47. Kg2 Qg5+ 0-1

[Event "Hamburger SK-Doppelbauer Kiel"]
[Site "Greifswald"]
[Date "2017.09.10"]
[Round "7.2"]
[White "Engel, Robert"]
[Black "Günther, Emil"]
[Result "0-1"]
[WhiteElo "2001"]
[BlackElo "1574"]
[PlyCount "88"]
[EventDate "2017.??.??"]
[WhiteTeam "Hamburger SK"]
[BlackTeam "Doppelbauer Kiel"]

1. b3 d5 2. Bb2 Nf6 3. e3 e6 4. f4 Be7 5. Nf3 O-O 6. h3 Nh5 7. g4 Bh4+ 8. Ke2
Ng3+ 9. Kf2 Nxh1+ 10. Kg2 Nf2 11. Qe2 Bf6 12. c3 Ne4 13. d3 Nc5 14. g5 Be7 15.
Nh2 f6 16. h4 fxg5 17. hxg5 Bxg5 18. fxg5 Qxg5+ 19. Kh1 Qh4 20. Kg1 Qg3+ 21.
Bg2 Nxd3 22. Nf1 Qg6 23. e4 Rf2 24. Qxf2 Nxf2 25. Kxf2 Qf6+ 26. Ke2 c6 27. Ne3
Qg6 28. Nd2 Na6 29. c4 Nc7 30. Rg1 Qf7 31. Rf1 Qe7 32. Kd1 Bd7 33. Be5 Na6 34.
Re1 Nb4 35. Bc3 Nxa2 36. Ba1 Qa3 37. exd5 exd5 38. cxd5 Qc1+ 39. Ke2 Nc3+ 40.
Bxc3 Qxc3 41. dxc6 Bxc6 42. Bh3 Re8 43. Kd1 Rxe3 44. Rf1 Rxh3 0-1

[Event "Hamburger SK-Doppelbauer Kiel"]
[Site "Greifswald"]
[Date "2017.09.10"]
[Round "7.3"]
[White "Steinbach, Julian"]
[Black "Fuhrmann, Äke"]
[Result "0-1"]
[WhiteElo "1343"]
[BlackElo "1871"]
[PlyCount "74"]
[EventDate "2017.??.??"]
[WhiteTeam "Doppelbauer Kiel"]
[BlackTeam "Hamburger SK"]

1. e4 c5 2. Nf3 d6 3. d4 cxd4 4. Nxd4 g6 5. Nc3 Nf6 6. Be2 Bg7 7. O-O O-O 8.
Be3 Nc6 9. f4 Bd7 10. Qd2 a6 11. h3 b5 12. Bf3 Rc8 13. e5 dxe5 14. Nxc6 Bxc6
15. Qxd8 Rfxd8 16. fxe5 Nd5 17. Nxd5 Bxd5 18. Bg4 Rxc2 19. Rf2 Rxf2 20. Bxf2
Bxe5 21. Bh4 f6 22. Rd1 Kf7 23. Rd2 Bc7 24. a3 Be6 25. Bxe6+ Kxe6 26. Rc2 Be5
27. Kf2 g5 28. Bg3 Bxg3+ 29. Kxg3 Rd3+ 30. Kg4 Rd4+ 31. Kg3 h5 32. Rc6+ Rd6 33.
Rc3 Kd5 34. Rd3+ Kc6 35. Rc3+ Kd5 36. Rd3+ Ke4 37. Rf3 Rd3 0-1

[Event "Hamburger SK-Doppelbauer Kiel"]
[Site "Greifswald"]
[Date "2017.09.10"]
[Round "7.4"]
[White "Wolfram, Tom"]
[Black "Jüngerich, Robin"]
[Result "1-0"]
[WhiteElo "1788"]
[BlackElo "986"]
[PlyCount "101"]
[EventDate "2017.??.??"]
[WhiteTeam "Hamburger SK"]
[BlackTeam "Doppelbauer Kiel"]

1. b3 d5 2. Bb2 c5 3. e3 Nc6 4. f4 Bf5 5. Nf3 e6 6. Bb5 Nf6 7. O-O Be7 8. Ne5
Qb6 9. Bxc6+ bxc6 10. h3 h6 11. c4 O-O 12. d3 Rad8 13. Qe2 d4 14. e4 Bh7 15.
Nd2 a5 16. g4 Bd6 17. Nxf7 Rxf7 18. e5 Nxg4 19. hxg4 Bc7 20. Ne4 Rdf8 21. Ba3
Rxf4 22. Bxc5 Rxf1+ 23. Rxf1 Rxf1+ 24. Kxf1 Qb8 25. Nd6 Qf8+ 26. Qf2 Bxd3+ 27.
Kg2 Qxf2+ 28. Kxf2 Bb1 29. a3 Bd8 30. Bxd4 Bg5 31. b4 a4 32. b5 Bd8 33. b6 g6
34. b7 Bc7 35. Ba7 h5 36. gxh5 gxh5 37. b8=Q+ Bxb8 38. Bxb8 Kg7 39. Ba7 Kg6 40.
Be3 h4 41. Kg2 Kh5 42. Kh3 Bd3 43. c5 Bf1+ 44. Kh2 Kg4 45. Nf7 Kf5 46. Bf2 h3
47. Bh4 Ke4 48. Be7 Kd5 49. Bd6 Bg2 50. Ng5 Kc4 51. Nxe6 1-0

[Event "Post SV Uelzen-Stader SV"]
[Site "Greifswald"]
[Date "2017.09.10"]
[Round "7.1"]
[White "Bargsten, Justus"]
[Black "von Estorff, Jacob"]
[Result "0-1"]
[WhiteElo "1890"]
[BlackElo "1886"]
[PlyCount "64"]
[EventDate "2017.??.??"]
[WhiteTeam "Stader SV"]
[BlackTeam "Post SV Uelzen"]

1. e4 c5 2. Nf3 Nc6 3. Bb5 g6 4. Bxc6 dxc6 5. h3 Bg7 6. d3 e5 7. a4 a5 8. Na3
Qc7 9. Be3 b6 10. O-O Nf6 11. Nc4 Nd7 12. Qd2 O-O 13. Nh2 Ba6 14. Qc3 Bxc4 15.
Qxc4 Qd6 16. Ng4 Qe7 17. Bd2 Rab8 18. Qb3 Kh8 19. f4 Qe6 20. Qxe6 fxe6 21. fxe5
Nxe5 22. Bf4 Nxg4 23. Bxb8 Bd4+ 24. Kh1 Nf2+ 25. Kh2 Rxb8 26. g3 c4 27. c3 Be3
28. Rae1 cxd3 29. Rxe3 d2 30. Re2 d1=Q 31. Rxd1 Nxd1 32. Kg2 b5 0-1

[Event "Post SV Uelzen-Stader SV"]
[Site "Greifswald"]
[Date "2017.09.10"]
[Round "7.2"]
[White "Knüdel, Torben"]
[Black "Hammann, Moritz"]
[Result "1-0"]
[WhiteElo "1837"]
[BlackElo "1708"]
[PlyCount "65"]
[EventDate "2017.??.??"]
[WhiteTeam "Post SV Uelzen"]
[BlackTeam "Stader SV"]

1. e4 e6 2. d4 d5 3. Nc3 Nf6 4. Bg5 Be7 5. e5 Nfd7 6. h4 a6 7. Qg4 Bxg5 8. hxg5
g6 9. f4 c5 10. Nf3 Nc6 11. O-O-O b5 12. Kb1 c4 13. Qh4 Rb8 14. Qh6 Qa5 15. Qg7
Rf8 16. Rxh7 b4 17. Ne2 c3 18. Nc1 cxb2 19. Nb3 Qb6 20. Bd3 a5 21. Rh8 Rxh8 22.
Qxh8+ Nf8 23. Nc5 a4 24. Rh1 b3 25. a3 bxc2+ 26. Bxc2 Nxd4 27. Nxa4 Qa7 28.
Nxd4 Qxd4 29. Qg7 Qxf4 30. Nc5 Qxg5 31. Rf1 Qe7 32. Ba4+ Kd8 33. Rxf7 1-0

[Event "Post SV Uelzen-Stader SV"]
[Site "Greifswald"]
[Date "2017.09.10"]
[Round "7.3"]
[White "Kowalski, Ben Wito"]
[Black "Askerov, Imamali"]
[Result "1-0"]
[WhiteElo "1602"]
[BlackElo "1810"]
[PlyCount "109"]
[EventDate "2017.??.??"]
[WhiteTeam "Stader SV"]
[BlackTeam "Post SV Uelzen"]

1. d4 Nf6 2. c4 e6 3. Nc3 Bb4 4. Qc2 b6 5. Nf3 Bb7 6. Bg5 O-O 7. a3 Bxc3+ 8.
Qxc3 h6 9. Bh4 d5 10. e3 Nbd7 11. Bd3 Rc8 12. c5 c6 13. O-O bxc5 14. dxc5 Qe7
15. Rac1 Rfe8 16. Ne5 g5 17. Bg3 Nxe5 18. Bxe5 Nd7 19. Bd6 Qf6 20. Qb4 Ba8 21.
Ba6 Rb8 22. Bxb8 Rxb8 23. Qa5 Qe5 24. b4 h5 25. f4 Qxe3+ 26. Kh1 Rf8 27. Qc7
Nf6 28. Qe7 Ne4 29. fxg5 Nf2+ 30. Rxf2 Qxc1+ 31. Rf1 Qc3 32. g6 Qg7 33. gxf7+
Rxf7 34. Qxe6 Qf8 35. Rxf7 Qxf7 36. Qc8+ Qf8 37. Qxf8+ Kxf8 38. Kg1 Ke7 39. Kf2
Kf6 40. Ke3 Ke5 41. g3 Kf5 42. h3 Ke5 43. Bc8 a5 44. Ba6 Kf5 45. Kd4 axb4 46.
axb4 Kf6 47. Bc8 Kf7 48. Ke5 Ke7 49. Kf5 Kd8 50. Ba6 Ke7 51. Kg5 d4 52. Kxh5
Kd8 53. Kg6 Kc7 54. h4 Bb7 55. Bd3 1-0

[Event "Post SV Uelzen-Stader SV"]
[Site "Greifswald"]
[Date "2017.09.10"]
[Round "7.4"]
[White "Rothenberg, Jannik"]
[Black "Ahlf, Nico"]
[Result "1-0"]
[WhiteElo "1783"]
[BlackElo "1606"]
[PlyCount "111"]
[EventDate "2017.??.??"]
[WhiteTeam "Post SV Uelzen"]
[BlackTeam "Stader SV"]

1. d4 Nf6 2. c4 e6 3. Nc3 Bb4 4. Qc2 b6 5. Nf3 Bb7 6. Bg5 O-O 7. a3 Bxc3+ 8.
Qxc3 h6 9. Bh4 d5 10. e3 Nbd7 11. Bd3 Qc8 12. O-O c5 13. Rac1 dxc4 14. Bxc4 Ne4
15. Qd3 Ndf6 16. Rfd1 g5 17. Bg3 Nxg3 18. hxg3 Be4 19. Qe2 Rd8 20. Bd3 Qb7 21.
Ba6 Bxf3 22. gxf3 Qe7 23. dxc5 bxc5 24. Rxd8+ Rxd8 25. Qc2 Nd7 26. Bb5 Rc8 27.
Bxd7 Qxd7 28. b4 c4 29. Qe4 c3 30. Kg2 Qc7 31. f4 Kg7 32. Qe5+ Qxe5 33. fxe5 c2
34. Kf3 Kg6 35. Ke4 g4 36. Kd3 Kf5 37. Rxc2 Rxc2 38. Kxc2 Kxe5 39. Kd3 Kd6 40.
Kd4 a6 41. a4 f6 42. Ke4 Kc6 43. Kf4 h5 44. e4 Kd6 45. e5+ fxe5+ 46. Ke4 Ke7
47. Kxe5 Kd7 48. b5 axb5 49. axb5 Kc7 50. Kxe6 Kb6 51. Kf5 Kxb5 52. Kg5 Kc5 53.
Kxh5 Kd4 54. Kxg4 Ke5 55. Kg5 Ke4 56. f4 1-0

[Event "SK Lehrte-SC Kreuzberg"]
[Site "Greifswald"]
[Date "2017.09.10"]
[Round "7.1"]
[White "Dathe, Frederick"]
[Black "Stelmaszyk, Nico"]
[Result "0-1"]
[WhiteElo "1833"]
[BlackElo "1912"]
[PlyCount "60"]
[EventDate "2017.??.??"]
[WhiteTeam "SC Kreuzberg"]
[BlackTeam "SK Lehrte"]

1. Nf3 Nf6 2. g3 d5 3. Bg2 Bf5 4. O-O e6 5. d3 c6 6. Nbd2 Be7 7. b3 O-O 8. Bb2
Nbd7 9. a3 Qc7 10. Re1 Rfd8 11. e4 dxe4 12. dxe4 Bg6 13. Qe2 Nc5 14. Ne5 Bh5
15. g4 Nxg4 16. Nxg4 Qf4 17. Nc4 Bxg4 18. Qe3 Qxe3 19. Nxe3 Bh5 20. Nc4 Rd7 21.
Bc3 Bf6 22. Bxf6 gxf6 23. e5 f5 24. Nd6 f6 25. Nc4 Kf7 26. exf6 Kxf6 27. Re3
Rg8 28. Rg3 Rdg7 29. Rxg7 Rxg7 30. Kh1 Ne4 0-1

[Event "SK Lehrte-SC Kreuzberg"]
[Site "Greifswald"]
[Date "2017.09.10"]
[Round "7.2"]
[White "Meiwes, Thore"]
[Black "Rose, Luis Stratos"]
[Result "1/2-1/2"]
[WhiteElo "1687"]
[BlackElo "1703"]
[PlyCount "25"]
[EventDate "2017.??.??"]
[WhiteTeam "SK Lehrte"]
[BlackTeam "SC Kreuzberg"]

1. d4 g6 2. e4 d6 3. Nc3 Bg7 4. f4 Nd7 5. Nf3 a6 6. a4 c5 7. d5 Ngf6 8. Be2 O-O
9. O-O Ne8 10. Qe1 e6 11. Qg3 exd5 12. Nxd5 Ndf6 13. Qh4 1/2-1/2

[Event "SK Lehrte-SC Kreuzberg"]
[Site "Greifswald"]
[Date "2017.09.10"]
[Round "7.3"]
[White "Hecht, Jonas Christian"]
[Black "Reimer, Philip"]
[Result "0-1"]
[WhiteElo "1567"]
[BlackElo "1506"]
[PlyCount "110"]
[EventDate "2017.??.??"]
[WhiteTeam "SC Kreuzberg"]
[BlackTeam "SK Lehrte"]

1. e4 e5 2. Nf3 Nc6 3. d4 exd4 4. Nxd4 Qf6 5. Nf3 Bc5 6. Nc3 h6 7. e5 Nxe5 8.
Qe2 Bd6 9. Ne4 Nxf3+ 10. gxf3 Qe7 11. Nxd6+ cxd6 12. Bf4 Qxe2+ 13. Bxe2 d5 14.
O-O-O Nf6 15. Rhg1 g6 16. Be5 Ke7 17. Rde1 d6 18. Bxf6+ Kxf6 19. Rd1 Be6 20. f4
Rac8 21. Bf3 Rc5 22. Rd2 Rd8 23. Rgd1 Kf5 24. Bxd5 Bxd5 25. Rxd5+ Rxd5 26.
Rxd5+ Kxf4 27. Rd3 d5 28. Kd2 f5 29. c3 g5 30. Ke2 Kg4 31. b4 b5 32. Kf1 f4 33.
a3 Kf5 34. f3 h5 35. Kg2 Rd6 36. Kf2 g4 37. Rd2 Kf6 38. Rd4 Kf5 39. Rd2 Kg5 40.
Kg2 Kf6 41. Kf2 Ke6 42. Rd4 Ke5 43. Rd2 d4 44. cxd4+ Rxd4 45. Rc2 gxf3 46. Kxf3
Rd3+ 47. Kf2 Rxa3 48. Rc5+ Ke4 49. Rxh5 Ra2+ 50. Ke1 a6 51. Rh8 Ra4 52. h4 Rxb4
53. h5 Rb2 54. h6 Rh2 55. h7 Kf3 0-1

[Event "SK Lehrte-SC Kreuzberg"]
[Site "Greifswald"]
[Date "2017.09.10"]
[Round "7.4"]
[White "Schieble, Johannes"]
[Black "Lieske, Aaron"]
[Result "1-0"]
[WhiteElo "1379"]
[BlackElo "1146"]
[PlyCount "83"]
[EventDate "2017.??.??"]
[WhiteTeam "SK Lehrte"]
[BlackTeam "SC Kreuzberg"]

1. c4 e5 2. e4 Nf6 3. Nc3 Nc6 4. g3 Bb4 5. Nge2 d6 6. h3 Bxc3 7. Nxc3 O-O 8.
Bg2 Be6 9. d3 Nd4 10. Ne2 Nc6 11. O-O Qd7 12. Kh2 h6 13. f4 exf4 14. gxf4 Qd8
15. f5 Bd7 16. Rg1 Ne5 17. b3 Nh7 18. d4 Nc6 19. Bf3 Kh8 20. Qd2 Qh4 21. Nf4
Ng5 22. Bh1 Nh7 23. Nd5 Rac8 24. Rg4 Qd8 25. Bb2 Ne7 26. Nxe7 Qxe7 27. Qf4 Nf6
28. Rgg1 Rg8 29. d5 Rce8 30. Rae1 Kh7 31. e5 dxe5 32. Rxe5 Qd6 33. Bf3 Rxe5 34.
Bxe5 Qa6 35. Rg2 b6 36. Bxc7 Qc8 37. Bg4 Nxg4+ 38. hxg4 Qe8 39. g5 Bc8 40. g6+
fxg6 41. fxg6+ Kh8 42. Be5 1-0

[Event "USV Halle-Mattnetz Berlin"]
[Site "Greifswald"]
[Date "2017.09.10"]
[Round "7.1"]
[White "Verbitsky, Jaroslaw"]
[Black "Perekhozhuk, Maksym"]
[Result "0-1"]
[WhiteElo "1828"]
[BlackElo "1922"]
[PlyCount "130"]
[EventDate "2017.??.??"]
[WhiteTeam "Mattnetz Berlin"]
[BlackTeam "USV Halle"]

1. e4 c5 2. Nf3 d6 3. d4 cxd4 4. Nxd4 Nf6 5. f3 g6 6. c4 Bg7 7. Nc3 Nc6 8. Be3
O-O 9. Be2 Nd7 10. Qd2 Nb6 11. Nd5 Nxd5 12. cxd5 Ne5 13. O-O Nd7 14. Rac1 Nf6
15. Nb5 Bd7 16. Rc2 Bxb5 17. Bxb5 a6 18. Be2 Qd7 19. Rfc1 Rac8 20. Bb6 Rxc2 21.
Qxc2 Bh6 22. Rd1 Rc8 23. Qb3 Ne8 24. Rd3 Bg7 25. Rd1 h5 26. Rb1 Bh6 27. Qd1 Nc7
28. Kf2 Na8 29. Be3 Bxe3+ 30. Kxe3 Qc7 31. Qd4 b5 32. Rd1 Nb6 33. b3 Nd7 34. a4
bxa4 35. bxa4 Nc5 36. Rb1 Rb8 37. Rxb8+ Qxb8 38. Bd1 Qb1 39. Ke2 Qa2+ 40. Kf1
Qa3 41. h3 Qc1 42. Ke2 Qg5 43. Kf1 Qg3 44. Be2 Qf4 45. Kf2 Qc1 46. Bd1 Qa3 47.
Kf1 Qa2 48. Kg1 Qb1 49. Kf1 Nd3 50. Ke2 Nf4+ 51. Kf1 Qa2 52. Qf2 Qc4+ 53. Kg1
Qd3 54. Qf1 Qd4+ 55. Kh1 h4 56. Kh2 Qb2 57. Kg1 Qd4+ 58. Kh2 Nh5 59. Qe1 Ng3
60. a5 Qa1 61. Kg1 Nh5 62. Qd2 Ng3 63. Kf2 Qa3 64. Be2 Qc5+ 65. Qe3 Nh1+ 0-1

[Event "USV Halle-Mattnetz Berlin"]
[Site "Greifswald"]
[Date "2017.09.10"]
[Round "7.2"]
[White "Paskalev, Vasil"]
[Black "Petersen, Marcel"]
[Result "1-0"]
[WhiteElo "1749"]
[BlackElo "1608"]
[PlyCount "109"]
[EventDate "2017.??.??"]
[WhiteTeam "USV Halle"]
[BlackTeam "Mattnetz Berlin"]

1. e4 e5 2. Nf3 Nc6 3. Bc4 Bc5 4. c3 d6 5. d4 exd4 6. cxd4 Bb6 7. Nc3 Bg4 8.
Bb5 a6 9. Ba4 Bd7 10. O-O h6 11. Re1 Nge7 12. a3 O-O 13. Qd3 Bg4 14. d5 Ne5 15.
Nxe5 dxe5 16. Qg3 h5 17. h3 Bd7 18. Bxd7 Qxd7 19. Bh6 Ng6 20. Bd2 h4 21. Qg5
Qe7 22. Qxe7 Nxe7 23. Na4 Bd4 24. Bb4 Rfe8 25. Bc5 Bxc5 26. Nxc5 b6 27. Nd3 f6
28. Rac1 Ra7 29. Rc3 Nc8 30. Rec1 Re7 31. Nb4 Rd7 32. a4 Ne7 33. Kf1 a5 34. Nc2
Nc8 35. Na3 Nd6 36. Nb5 Nxb5 37. axb5 Kf7 38. Ke2 Ke8 39. Rc6 Kd8 40. Kf3 f5
41. Re6 Rf7 42. Rc2 fxe4+ 43. Kxe4 Rf4+ 44. Kxe5 Rb4 45. Rg6 Rxb5 46. Rxg7 Kc8
47. f4 Kb8 48. Ke6 Rc5 49. Rxc5 bxc5 50. d6 cxd6 51. Rxa7 Kxa7 52. Kxd6 Kb6 53.
f5 c4 54. f6 c3 55. bxc3 1-0

[Event "USV Halle-Mattnetz Berlin"]
[Site "Greifswald"]
[Date "2017.09.10"]
[Round "7.3"]
[White "Stockter, Jasper Enno"]
[Black "Schulemann, Gero"]
[Result "1-0"]
[WhiteElo "1576"]
[BlackElo "1684"]
[PlyCount "23"]
[EventDate "2017.??.??"]
[WhiteTeam "Mattnetz Berlin"]
[BlackTeam "USV Halle"]

1. e4 e5 2. Nf3 Nc6 3. d4 exd4 4. Nxd4 Qh4 5. Nc3 Bb4 6. Be2 Nf6 7. O-O O-O 8.
Nf5 Bxc3 9. Nxh4 Nxe4 10. bxc3 Re8 11. Bd3 Nxc3 12. Qh5 1-0

[Event "USV Halle-Mattnetz Berlin"]
[Site "Greifswald"]
[Date "2017.09.10"]
[Round "7.4"]
[White "Petrick, Valentin"]
[Black "Karge, Ole Jannes"]
[Result "0-1"]
[WhiteElo "1369"]
[BlackElo "1349"]
[PlyCount "74"]
[EventDate "2017.??.??"]
[WhiteTeam "USV Halle"]
[BlackTeam "Mattnetz Berlin"]

1. e4 c5 2. c3 d6 3. d4 cxd4 4. cxd4 Nf6 5. Nc3 Nc6 6. Nf3 a6 7. d5 Ne5 8. Nxe5
dxe5 9. Bc4 b5 10. Bb3 e6 11. Bg5 Be7 12. dxe6 Bxe6 13. O-O O-O 14. f4 Qd4+ 15.
Kh1 Rfd8 16. Bc2 h6 17. Bh4 Qc5 18. Qf3 exf4 19. Qf2 Qxf2 20. Bxf2 Rd2 21. e5
Rxc2 22. exf6 Bxf6 23. Rab1 Bc4 24. Ne4 Bxf1 25. Nxf6+ gxf6 26. Rxf1 Rd8 27.
Be1 Rxb2 28. a3 Rd3 29. Bb4 a5 30. Bxa5 Rxa3 31. Bb6 Raa2 32. Rg1 f3 33. gxf3+
Kh7 34. Bc7 b4 35. h4 b3 36. Bg3 Rc2 37. Rb1 b2 0-1

[Event "Peiner SV-GA Rüdersdorf"]
[Site "Greifswald"]
[Date "2017.09.10"]
[Round "7.1"]
[White "Buller, Ian Joshua"]
[Black "Kück, Artur"]
[Result "1/2-1/2"]
[WhiteElo "1807"]
[BlackElo "1720"]
[PlyCount "74"]
[EventDate "2017.??.??"]
[WhiteTeam "GA Rüdersdorf"]
[BlackTeam "Peiner SV"]

1. e4 c5 2. Nf3 e6 3. b3 Nc6 4. Bb2 Nf6 5. e5 Nd5 6. c4 Nc7 7. d4 cxd4 8. Nxd4
Bb4+ 9. Nd2 O-O 10. Nc2 Be7 11. Ne4 Ne8 12. Be2 f6 13. exf6 Nxf6 14. Ng3 Qa5+
15. Qd2 Qxd2+ 16. Kxd2 b6 17. Rad1 Bb7 18. Bf3 Na5 19. Bxb7 Nxb7 20. f3 Rad8
21. Kc1 a6 22. Rhe1 Kf7 23. Nd4 Na5 24. Kb1 Nc6 25. Nxc6 dxc6 26. Kc2 Bb4 27.
Rxd8 Rxd8 28. Re2 Rd7 29. Bc3 Bd6 30. Bxf6 gxf6 31. Rd2 Rd8 32. Ne4 Bc7 33.
Rxd8 Bxd8 34. Kd3 Bc7 35. h3 h6 36. a4 c5 37. g4 f5 1/2-1/2

[Event "Peiner SV-GA Rüdersdorf"]
[Site "Greifswald"]
[Date "2017.09.10"]
[Round "7.2"]
[White "Behme, Elias"]
[Black "Sperling, Niclas"]
[Result "1-0"]
[WhiteElo "1456"]
[BlackElo "1639"]
[PlyCount "97"]
[EventDate "2017.??.??"]
[WhiteTeam "Peiner SV"]
[BlackTeam "GA Rüdersdorf"]

1. c4 e5 2. Nc3 Nf6 3. g3 d5 4. cxd5 Nxd5 5. Bg2 Nb6 6. Nf3 Nc6 7. O-O Be7 8.
b3 O-O 9. Bb2 Be6 10. d3 f6 11. Ne4 Qd7 12. a3 Rad8 13. b4 a6 14. Qc2 Kh8 15.
Rac1 Rf7 16. Rfd1 Qc8 17. d4 exd4 18. Nxd4 Nxd4 19. Rxd4 c6 20. Rxd8+ Qxd8 21.
Rd1 Qc7 22. Nc5 Bxc5 23. Qxc5 Nc4 24. Bc1 Kg8 25. Rd4 Ne5 26. Bf4 Qe7 27. Qc3
Rf8 28. Bxe5 fxe5 29. Re4 Qf6 30. f3 Rd8 31. Qxe5 Qxe5 32. Rxe5 Rd6 33. Kf2 Kf7
34. f4 Kf6 35. Re3 g6 36. Be4 h5 37. Rd3 Rxd3 38. Bxd3 Bc8 39. e4 b6 40. e5+
Kf7 41. Ke3 c5 42. bxc5 bxc5 43. Bc4+ Ke7 44. Ke4 Bb7+ 45. Bd5 Bc8 46. Kd3 Bd7
47. Kc4 Bb5+ 48. Kxc5 Kd7 49. Kb6 1-0

[Event "Peiner SV-GA Rüdersdorf"]
[Site "Greifswald"]
[Date "2017.09.10"]
[Round "7.3"]
[White "May, Ben-Iven"]
[Black "Arvis, Yekta Umut"]
[Result "1-0"]
[WhiteElo "1600"]
[BlackElo "1178"]
[PlyCount "41"]
[EventDate "2017.??.??"]
[WhiteTeam "GA Rüdersdorf"]
[BlackTeam "Peiner SV"]

1. e4 e5 2. Nf3 Nc6 3. Bc4 h6 4. O-O Nf6 5. d3 Be7 6. c3 O-O 7. Nbd2 a6 8. Bb3
d5 9. exd5 Nxd5 10. Re1 f6 11. Nf1 Na5 12. Bc2 Bg4 13. h3 Bh5 14. Ng3 Bf7 15.
Nh4 Kh8 16. Nhf5 Qd7 17. Qg4 Rg8 18. Qh4 h5 19. Nxe7 Qxe7 20. Nxh5 Rgf8 21.
Nxf6+ 1-0

[Event "Peiner SV-GA Rüdersdorf"]
[Site "Greifswald"]
[Date "2017.09.10"]
[Round "7.4"]
[White "Stein, Luis"]
[Black "Eichelbaum, Georg"]
[Result "0-1"]
[WhiteElo "1363"]
[BlackElo "1341"]
[PlyCount "86"]
[EventDate "2017.??.??"]
[WhiteTeam "Peiner SV"]
[BlackTeam "GA Rüdersdorf"]

1. e4 e5 2. Nf3 Nc6 3. d4 exd4 4. Bc4 Nf6 5. e5 d5 6. Bb5 Ne4 7. Nxd4 Bd7 8.
Bxc6 bxc6 9. O-O Bc5 10. Nc3 Qh4 11. Be3 Bb6 12. Nf3 Qg4 13. Bxb6 cxb6 14. Nxe4
Qxe4 15. Re1 Qg6 16. Kh1 O-O-O 17. Qe2 Rhe8 18. a4 Kb7 19. a5 Ra8 20. Qd2 Bg4
21. Nd4 f6 22. a6+ Kc7 23. Qc3 fxe5 24. Nb5+ Kd7 25. Rxe5 cxb5 26. Rxd5+ Ke7
27. Qc7+ Kf8 28. Rxb5 Be2 29. Qf4+ Kg8 30. c4 Re4 31. Qc7 Bxc4 32. Rb4 Bxa6 33.
Rxe4 Qxe4 34. h3 Bb7 35. f3 Qd5 36. Re1 Rc8 37. Qe7 Qf7 38. Qe3 Bc6 39. Rc1 Re8
40. Qd4 Bd5 41. Qh4 Bxf3 42. Rf1 Bxg2+ 43. Kxg2 Re2+ 0-1

[Event "Lübecker SV-Eintracht Berlin"]
[Site "Greifswald"]
[Date "2017.09.10"]
[Round "7.1"]
[White "Zappe, Florian"]
[Black "Nassat, Vitus"]
[Result "1/2-1/2"]
[WhiteElo "1699"]
[BlackElo "1685"]
[PlyCount "97"]
[EventDate "2017.??.??"]
[WhiteTeam "Eintracht Berlin"]
[BlackTeam "Lübecker SV"]

1. d4 d5 2. Nf3 Nf6 3. e3 e6 4. Bd3 c5 5. c3 Nc6 6. O-O Be7 7. Nbd2 O-O 8. dxc5
Bxc5 9. e4 e5 10. exd5 Nxd5 11. Ne4 Bb6 12. Bc4 Nf6 13. Nxf6+ Qxf6 14. Bg5 Qg6
15. Bh4 e4 16. Nd2 Ne5 17. Be2 Qc6 18. Bg3 Nd3 19. Bxd3 exd3 20. Nb3 Rd8 21.
Be5 Qb5 22. Bf4 Be6 23. Re1 Bxb3 24. Qxb3 Qxb3 25. axb3 Rd7 26. Rad1 Rad8 27.
Be3 Bxe3 28. Rxe3 f6 29. Kf1 Kf7 30. Rd2 b5 31. Ke1 a6 32. f4 Rc7 33. Rf2 g6
34. Kd2 Re7 35. Rff3 Rxe3 36. Rxe3 Rd5 37. Rxd3 Ke6 38. Rxd5 Kxd5 39. Kd3 f5
40. b4 h6 41. h4 Ke6 42. Kd4 Kf6 43. Kd5 g5 44. hxg5+ hxg5 45. g3 gxf4 46. gxf4
Ke7 47. Ke5 Kd7 48. Kxf5 Kc6 49. Ke6 1/2-1/2